| 000 | 01038cam a2200133 4500500 | ||
|---|---|---|---|
| 005 | 20251214001517.0 | ||
| 041 | _afre | ||
| 042 | _adc | ||
| 100 | 1 | 0 |
_aRossette, Fiona _eauthor |
| 245 | 0 | 0 | _aPrendre la parole en anglais |
| 260 |
_bArmand Colin,
_c2017. |
||
| 520 | _aComment s’adresser en anglais à un public qu’il faut persuader ? À partir d’exemples précis, l’auteur montre comment, en fonction des situations de communication, s’articulent les contraintes culturelles (parler comme un Anglo-saxon) et les choix linguistiques (longueur et complexité des phrases, transitions, formes d’adresse et autres formes d’interaction). Elle intègre également l’accompagnement visuel (comme un PowerPoint) et réunit sous forme de boîtes à outils tous les éléments linguistiques à connaître selon les situations. Un ouvrage essentiel pour maîtriser les codes de la communication orale. | ||
| 856 | 4 | 1 | _uhttps://shs.cairn.info/prendre-la-parole-en-anglais--9782200617448?lang=fr&redirect-ssocas=7080 |
| 999 |
_c1566261 _d1566261 |
||